000 00702nam a2200193 a 4500
003 0
005 20250225092521.0
008 101112s19uu xx 00 eng d
050 _aPHS BF 723.I6
_b.P21 2010
100 _aPark, So Me.
245 _aLevel of independence of foreign high school students /
_cPark, So Me.
260 _aLas PiƱas City, Philippines :
_bSouthville International School and Colleges,
_c2010.
300 _a26 pages :
_billustrations ;
_c30 cm.
504 _aIncludes bibliographical references.
650 _aIndependence (Psychology) in adolescence.
650 _aInternational students
_xSocial adjustment.
650 _aForeign students
_xPsychology.
942 _2lcc
_cPASS
999 _c98473
_d98473